[Event "Padova op-B 2nd"]
[Site "Padova"]
[Date "1999.12.11"]
[Round "1.19"]
[White "Favale, Giuseppe"]
[Black "Castellano, Alfonso"]
[Result "0-1"]
[WhiteElo "1500"]
[BlackElo "1716"]
[PlyCount "101"]
[EventDate "1999.12.11"]
[EventType "swiss"]
[EventRounds "6"]
[EventCountry "ITA"]
[SourceTitle "EXT 2024"]
[Source "ChessBase"]
[SourceDate "2023.10.10"]
[SourceVersion "1"]
[SourceVersionDate "2023.10.10"]
[SourceQuality "1"]

1. b4 e5 2. Bb2 d6 3. e3 Nf6 4. c4 Be7 5. Nc3 Bf5 6. Be2 e4 7. Nd5 Nxd5 8. cxd5 Bf6 9. Qc2 Nd7 10. Bb5 Bxb2 11. Bxd7+ Bxd7 12. Qxb2 Qg5 13. Ne2 0-0 14. h4 Qxd5 15. Nf4 Qe5 16. Qxe5 dxe5 17. Nd5 c6 18. Nc3 f5 19. 0-0 Be6 20. Na4 Rad8 21. Nc5 Bc8 22. Rfd1 Rd6 23. Kf1 b6 24. Na4 Ba6+ 25. Ke1 Rh6 26. g3 g5 27. d4 exd3 28. Kd2 gxh4 29. Rh1 h3 30. Rag1 Rff6 31. Nb2 c5 32. g4 fxg4 33. Rxg4+ Rhg6 34. Rxg6+ hxg6 35. Rxh3 Rxf2+ 36. Kc1 c4 37. e4 b5 38. Nxd3 cxd3 39. Rxd3 Bb7 40. Rd8+ Rf8 41. Rd7 Rf7 42. Rd8+ Kg7 43. Re8 Kf6 44. Rb8 a6 45. Kd2 Bxe4 46. Rb6+ Kf5 47. Rxa6 g5 48. Rb6 Rb7 49. Rh6 Kf4 50. Rf6+ Bf5 51. Ra6 0-1